| 000 -LEADER |
| fixed length control field |
00725cam a2200241 i 4500 |
| 001 - CONTROL NUMBER |
| control field |
20669 |
| 003 - CONTROL NUMBER IDENTIFIER |
| control field |
BD-DhUAP |
| 005 - DATE AND TIME OF LATEST TRANSACTION |
| control field |
20210105104437.0 |
| 008 - FIXED-LENGTH DATA ELEMENTS--GENERAL INFORMATION |
| fixed length control field |
210105s2018 nyua 001 0 eng |
| 020 ## - INTERNATIONAL STANDARD BOOK NUMBER |
| International Standard Book Number |
9781259307416 (alk. paper) |
| 040 ## - CATALOGING SOURCE |
| Original cataloging agency |
DLC |
| Language of cataloging |
eng |
| Transcribing agency |
DLC |
| Description conventions |
rda |
| Modifying agency |
BD-DhUAP |
| 082 00 - DEWEY DECIMAL CLASSIFICATION NUMBER |
| Classification number |
658.1511 GAR |
| Edition number |
23 |
| 100 1# - MAIN ENTRY--PERSONAL NAME |
| Personal name |
Garrison, Ray H. |
| 245 10 - TITLE STATEMENT |
| Title |
Managerial accounting / |
| Statement of responsibility, etc. |
Ray H. Garrison, Eric W. Noreen and Peter C. Brewer. |
| 250 ## - EDITION STATEMENT |
| Edition statement |
16th ed. |
| 264 #1 - PRODUCTION, PUBLICATION, DISTRIBUTION, MANUFACTURE, AND COPYRIGHT NOTICE |
| Place of production, publication, distribution, manufacture |
New York : |
| Name of producer, publisher, distributor, manufacturer |
McGraw-Hill Education, |
| Date of production, publication, distribution, manufacture, or copyright notice |
c2018. |
| 300 ## - PHYSICAL DESCRIPTION |
| Extent |
XXXII, 784 pages : |
| Other physical details |
illustrations ; |
| Dimensions |
29 cm |
| 500 ## - GENERAL NOTE |
| General note |
Includes index. |
| 650 #0 - SUBJECT ADDED ENTRY--TOPICAL TERM |
| Topical term or geographic name entry element |
Managerial accounting. |
| 700 1# - ADDED ENTRY--PERSONAL NAME |
| Personal name |
Noreen, Eric W. |
| 700 1# - ADDED ENTRY--PERSONAL NAME |
| Personal name |
Brewer, Peter C. |
| 942 ## - ADDED ENTRY ELEMENTS (KOHA) |
| Source of classification or shelving scheme |
|
| Koha item type |
Book |